東京府の戦前市制・町制 - Statistics

General Stats
  • This quiz has been taken 145 times
  • The average score is 69 of 116
Answer Stats
施行日 施行内容 所属郡 回答 % Correct
1889.05.01 市制 (市) 東京市
95%
1917.09.01 市制 (市) 八王子市
89%
1943.07.01 東京都制 (区) 足立区
85%
1943.07.01 東京都制 (区) 江戸川区
85%
1893.06.19 町制 北多摩郡 府中町
83%
1943.07.01 東京都制 (区) 目黒区
83%
1943.07.01 東京都制 (区) 中野区
83%
1943.07.01 東京都制 (区) 杉並区
83%
1943.07.01 東京都制 (区) 板橋区
83%
1943.07.01 東京都制 (区) 葛飾区
83%
1940.02.01 町制 北多摩郡 三鷹町
82%
1943.07.01 東京都制 (区) 品川区
82%
1943.07.01 東京都制 (区) 大森区
82%
1943.07.01 東京都制 (区) 蒲田区
82%
1943.07.01 東京都制 (区) 世田谷区
82%
1943.07.01 東京都制 (区) 渋谷区
82%
1943.07.01 東京都制 (区) 豊島区
80%
1893.06.19 町制 南多摩郡 日野町
79%
1897.07.20 町制 荏原郡 大森町
77%
1909.01.01 町制 豊多摩郡 渋谷町
77%
1922.10.10 町制 荏原郡 蒲田町
77%
1928.11.10 町制 北多摩郡 武蔵野町
77%
1889.05.01 町制 北豊島郡 板橋町
76%
1889.05.01 町制 北豊島郡 巣鴨町
76%
1897.02.01 町制 豊多摩郡 中野町
76%
1923.12.01 町制 北多摩郡 立川町
76%
1940.12.01 市制 (市) 立川市
76%
1943.07.01 東京都制 (区) 荒川区
76%
1889.05.01 町制 荏原郡 品川町
74%
1913.04.01 町制 南多摩郡 町田町
74%
1943.07.01 東京都制 (区) 麹町区
74%
1943.07.01 東京都制 (区) 浅草区
74%
1889.05.01 町制 南足立郡 千住町
73%
1940.11.10 町制 北多摩郡 保谷町
73%
1943.07.01 東京都制 (区) 神田区
73%
1943.07.01 東京都制 (区) 芝区
73%
1943.07.01 東京都制 (区) 淀橋区
73%
1943.07.01 東京都制 (区) 滝野川区
73%
1922.12.01 町制 荏原郡 目黒町
71%
1923.04.01 町制 荏原郡 世田ヶ谷町
71%
1940.02.01 町制 北多摩郡 国分寺町
71%
1943.07.01 東京都制 (区) 日本橋区
71%
1943.07.01 東京都制 (区) 四谷区
71%
1943.07.01 東京都制 (区) 王子区
71%
1924.06.01 町制 豊多摩郡 杉並町
70%
1943.07.01 東京都制 (区) 牛込区
70%
1943.07.01 東京都制 (区) 小石川区
70%
1943.07.01 東京都制 (区) 本所区
70%
1943.07.01 東京都制 (区) 京橋区
68%
1943.07.01 東京都制 (区) 赤坂区
68%
1943.07.01 東京都制 (区) 本郷区
68%
1937.02.11 町制 北多摩郡 小金井町
67%
1943.07.01 東京都制 (区) 下谷区
67%
1908.08.08 町制 北豊島郡 王子町
65%
1943.07.01 東京都制 (区) 向島区
65%
1944.02.11 町制 北多摩郡 小平町
65%
1928.04.01 町制 荏原郡 東調布町
64%
1929.04.01 町制 北豊島郡 練馬町
64%
1943.07.01 東京都制 (区) 深川区
64%
1889.05.01 町制 南葛飾郡 新宿町
62%
1907.10.08 町制 荏原郡 羽田町
62%
1913.10.01 町制 北豊島郡 滝野川町
62%
1943.07.01 東京都制 (区) 荏原区
62%
1915.11.10 町制 豊多摩郡 代々幡町
61%
1943.07.01 東京都制 (区) 麻布区
61%
1889.05.01 町制 南豊島郡 内藤新宿町
59%
1917.09.01 町制 北豊島郡 西巣鴨町
58%
1921.07.01 町制 南葛飾郡 砂町
56%
1928.11.10 町制 南葛飾郡 小岩町
55%
1943.07.01 東京都制 (区) 城東区
53%
1889.05.01 町制 南豊島郡 淀橋町
52%
1889.05.01 町制 北豊島郡 岩淵町
52%
1924.04.01 町制 豊多摩郡 野方町
52%
1925.08.06 町制 南葛飾郡 金町
52%
1927.04.01 町制 荏原郡 碑衾町
52%
1940.11.10 町制 西多摩郡 福生町
52%
1941.01.01 町制 北多摩郡 昭和町
52%
1889.05.01 町制 北豊島郡 南千住町
48%
1908.08.01 町制 荏原郡 大井町
47%
1908.08.08 町制 荏原郡 大崎町
47%
1920.04.03 町制 北豊島郡 高田町
47%
1940.11.10 町制 西多摩郡 瑞穂町
47%
1942.04.01 町制 北多摩郡 東村山町
47%
1914.04.01 町制 南葛飾郡 小松川町
45%
1924.02.01 町制 豊多摩郡 落合町
45%
1927.11.03 町制 南多摩郡 浅川町
45%
1928.04.01 町制 荏原郡 六郷町
45%
1907.04.01 町制 豊多摩郡 千駄ヶ谷町
44%
1912.12.01 町制 豊多摩郡 大久保町
44%
1925.10.01 町制 荏原郡 駒沢町
44%
1940.02.11 町制 西多摩郡 氷川町
44%
1923.04.01 町制 北豊島郡 尾久町
42%
1926.07.01 町制 豊多摩郡 和田堀町
42%
1900.07.19 町制 南葛飾郡 亀戸町
41%
1913.07.01 町制 北豊島郡 日暮里町
41%
1928.11.01 町制 南足立郡 梅島町
41%
1919.08.01 町制 荏原郡 入新井町
39%
1926.07.01 町制 豊多摩郡 井荻町
39%
1926.07.01 町制 豊多摩郡 高井戸町
39%
1926.08.01 町制 荏原郡 池上町
39%
1926.10.01 町制 北豊島郡 長崎町
39%
1928.02.10 町制 南足立郡 西新井町
39%
1914.04.01 町制 豊多摩郡 戸塚町
36%
1928.01.01 町制 荏原郡 馬込町
36%
1934.10.01 町制 南多摩郡 小宮町
35%
1900.07.19 町制 南葛飾郡 大島町
33%
1927.04.01 町制 荏原郡 平塚町
33%
1928.02.11 町制 荏原郡 矢口町
33%
1923.08.15 町制 南葛飾郡 隅田町
27%
1926.04.01 町制 南葛飾郡 松江町
27%
1920.02.11 町制 北豊島郡 三河島町
26%
1912.09.01 町制 南葛飾郡 吾嬬町
23%
1928.02.01 町制 南葛飾郡 南綾瀬町
20%
1923.04.01 町制 南葛飾郡 寺島町
18%
1928.03.01 町制 南葛飾郡 本田町
15%
1930.11.06 町制 南葛飾郡 奥戸町
15%
No matching quizzes found
Score Distribution
Percent of People with Each Score
Percentile by Number Answered
Your Score History
You have not taken this quiz